000 00659nam a2200277Ia 4500
005 20260324144549.0
008 008 260324s9999 xx 000 0 eng d
020 _a9781315189277
037 _aEBOOK
040 _aCRL
040 _beng
040 _cCRL
041 _2eng
041 _aeng
084 _qCRL
100 _aIan Jeffries; Manfred Melzer; Eleonore Breuning
_91219792
245 4 _aThe East German Economy
260 _bTaylor and Francis
260 _c1987
365 _a
365 _b230
856 _uhttp://www.taylorfrancis.com/books/9781315189277
942 _cEBOOK
999 _c1826556
_d1826556